| 000 | 00896nmc a2200313 a 4500 | ||
|---|---|---|---|
| 003 | AR-BaBNM | ||
| 005 | 20251128205433.0 | ||
| 008 | 177119s1994 ||||||||||||||000 | spa|| | ||
| 020 | _a950-556-329-9 | ||
| 040 | _cAR-BaBNM | ||
| 100 | 1 |
_aEichelbaum, Samuel _d1894-1967 |
|
| 245 | 1 | 0 |
_aPájaro de barro ; _bUn guapo del 900 ; Un tal servando Gómez |
| 250 | _a1ª ed. | ||
| 260 |
_aBuenos Aires _bGalerna _bSecretaría de Cultura de la Nación _c1994 |
||
| 300 | 0 | _a190 p. | |
| 490 | 0 |
_aIdentidad nacional _vv. 41 |
|
| 500 | 0 | _aContiene referencias bibliográficas en p. 190 | |
| 650 | 4 | _aREALISMO | |
| 650 | 4 | _aLITERATURA ARGENTINA | |
| 650 | 4 | _aESCRITORES | |
| 650 | 4 | _aTEATRO | |
| 650 | 4 | _aLITERATURA CONTEMPORANEA | |
| 650 | 4 | _aHUMOR | |
| 653 | 0 | _aCOSTUMBRISMO | |
| 655 | _aLITERATURA | ||
| 700 | 1 |
_aPerrone, Alberto Mario _eprologuista |
|
| 942 | _cBK | ||
| 998 | _cMARTIN | ||
| 999 |
_c11403 _d11403 |
||